Analysis And Design Of Telecommunication Department Of QUEST Nawabshah (Record no. 57634)

MARC details
000 -LEADER
fixed length control field 00410nam a2200157Ia 4500
100 ## - MAIN ENTRY--AUTHOR NAME
Personal name 13CE02
100 ## - MAIN ENTRY--AUTHOR NAME
Personal name Fizah Saeed
245 #0 - TITLE STATEMENT
Title Analysis And Design Of Telecommunication Department Of QUEST Nawabshah
260 ## - PUBLICATION, DISTRIBUTION, ETC. (IMPRINT)
Place of publication Nawabshah
260 ## - PUBLICATION, DISTRIBUTION, ETC. (IMPRINT)
Name of publisher QUEST
260 ## - PUBLICATION, DISTRIBUTION, ETC. (IMPRINT)
Year of publication 2013
300 ## - PHYSICAL DESCRIPTION
Number of Pages 67
700 ## - ADDED ENTRY--PERSONAL NAME
Personal name Department Of Civil Engineering
Holdings
Withdrawn status Lost status Home library Current library Date acquired Accession Number Koha item type
    Central Library, QUEST, Nawabshah Research Section 13/07/2017 CEP/51-606 Thesis and Dissertation